000 00448nam a2200169Ia 4500
008 241217s9999||||xx |||||||||||||| ||und||
020 _a9780632052127
_c1050
040 _beng
_cSSK Library
_erda
082 _a633.851/COR
100 _a R. H. V. Corley & P. B. Tinker
245 4 _aThe Oil Palm
250 _a4th ed
260 _b Blackwell Publishing
942 _2Dewey Decimal Classification
_cBOOK
_nNo
999 _c22106
_d22106
003 OSt
005 20241217112829.0